Autoroute A6 - Statistiques

Statistiques générales
  • Ce quiz a été pris 49 fois
  • Le résultat moyen est 44 sur 164
Statistiques - réponses
Indice Réponse % Correct
Frontière départementale Côte-d'Or
87%
Sortie 19 | Sortie 20 Auxerre
84%
Sortie 28 | Sortie 29 Mâcon
84%
Pont Pont sur la Saône
84%
Sortie 24 | Sortie 24.1 Beaune
81%
Frontière régionale Bourgogne-Franche-Comté
81%
Sortie 38 Lyon
81%
Pont Pont sur l'Yonne
81%
Frontière départementale Rhône
81%
Frontière départementale Yonne
81%
Frontière départementale Seine-et-Marne
77%
Frontière régionale Auvergne-Rhône-Alpes
74%
Sortie 25 | Sortie 26 Chalon
74%
Frontière départementale Essonne
74%
Frontière départementale Loiret
74%
Frontière départementale Saône-et-Loire
74%
Tunnel Tunnel de Fourvière
74%
Frontière régionale Île-de-France
71%
Frontière régionale Centre-Val de Loire
68%
Sortie 31.1 | Sortie 31.2 Villefranche
68%
Sortie 22 Avallon
61%
Échangeur A19
58%
Échangeur A31
58%
Échangeur A40
58%
Pont Pont sur l'Essonne
58%
Sortie | Sortie 15 Fontainebleau
55%
Aire de service | Sortie 16 Nemours
52%
Échangeur A38
48%
Échangeur A46
48%
Échangeur A77
45%
Sortie 30 Belleville
45%
Sortie 18 Joigny
45%
Échangeur A89
42%
Échangeur Périphérique
42%
Sortie 27 Tournus
42%
Échangeur A6B
32%
Sortie 17 Courtenay
32%
Sortie 33 Limonest
32%
Échangeur N104
32%
Échangeur A6A
29%
Sortie 35 Écully
29%
Aire de repos | Gare de péage Fleury
29%
Sortie 32 Anse
26%
Sortie 5 Chilly-Mazarin
26%
Aire de service | Sortie 34 Dardilly
26%
Frontière départementale Métropole de Lyon
26%
Sortie 6 Savigny-sur-Orge
26%
Tunnel Tranchée couverte de Perrache
26%
Sortie 10 Corbeil-Essonnes
23%
Sortie 7.1 Grigny
23%
Sortie 21 Nitry
23%
Sortie 39c Part-Dieu
19%
Sortie 39b Perrache
19%
Sortie 7 Viry-Châtillon
19%
Sortie 4 Wissous
19%
Aire de service Achères
16%
Pont Pont sur le Loing
16%
Sortie 7 Ris-Orangis
16%
Aire de service Beaune - Tailly
13%
Aire de repos Époisses
13%
Aire de service Le Chien Blanc
13%
Sortie 37 Tassin
13%
Sortie 14 Ury
13%
Sortie 9 Villabé
13%
Gare de péage | Sortie 31.2 Villefranche-Limas
13%
Aire de service Venoy - Soleil Levant
10%
Sortie 39a Vieux Lyon
10%
Échangeur A126
6%
Échangeur A466
6%
Sortie 23 Bierre-lès-Semur
6%
Échangeur M6
6%
Aire de service Achères-la-Forêt
3%
Aire de repos Arbonne
3%
Aire de service Beaune - Merceuil
3%
Sortie 13 Cély
3%
Aire de service Darvault
3%
Aire de repos La Biche
3%
Aire de repos La Côme
3%
Aire de service La Ferté
3%
Aire de service La Réserve
3%
Aire de repos Le Rossignol
3%
Aire de service Les Chères
3%
Aire de service Maison-Dieu
3%
Échangeur N449
3%
Sortie 39 Quais de Saône
3%
Aire de service Saint-Ambreuil
3%
Sortie 12 Saint-Fargeau-Ponthierry
3%
Aire de repos Savigny-lès-Beaune
3%
Aire de repos Taponas
3%
Aire de service Venoy - Grosse Pierre
3%
Pont Viaduc de Gorge-de-Loup
3%
Pont Viaduc du Pont d'Ouche
3%
Aire de repos Villiers
3%
Aire de repos Boitray
0%
Aire de repos Boyer
0%
Aire de repos Crêches
0%
Aire de service Dracé
0%
Aire de repos Égreville
0%
Aire de repos Farges
0%
Aire de repos Fermenot
0%
Aire de repos Floée
0%
Aire de repos Genetoy
0%
Aire de repos Hervaux
0%
Aire de repos Jugy
0%
Aire de service La Chaponne
0%
Aire de repos La Couée
0%
Aire de service La Couline
0%
Aire de service La Forêt
0%
Aire de repos La Garenne
0%
Aire de repos La Grosse Tour
0%
Aire de repos La Loupière
0%
Aire de repos La Loyère
0%
Aire de repos La Racheuse
0%
Aire de repos La Repotte
0%
Aire de repos La Roche
0%
Aire de repos Le Bois des Corbeaux
0%
Aire de repos Le Buisson Rond
0%
Aire de repos Le Chaignot
0%
Aire de repos Le Chevreuil
0%
Sortie 11 Le Coudray-Montceaux
0%
Aire de service Le Creux Moreau
0%
Aire de repos Le Curney
0%
Aire de repos Le Liard
0%
Aire de repos Le Parc Thierry
0%
Aire de repos Les Bois Impériaux
0%
Aire de service Les Bruyères-Paisy
0%
Aire de repos Les Châtaigners
0%
Aire de service Les Lochères
0%
Aire de repos Les Pâtures
0%
Aire de repos Les Sablons
0%
Aire de repos Le Thureau
0%
Aire de service Mâcon - la Salle
0%
Aire de service Mâcon - Saint-Albain
0%
Aire de repos Marcigny
0%
Aire de repos Montmorency
0%
Aire de repos Pâtural
0%
Pont Pont sur la Mouge
0%
Pont Pont sur le Serein
0%
Sortie 36 Porte du Valvert
0%
Aire de repos Ruffey
0%
Aire de repos Sonville
0%
Aire de repos Uchizy
0%
Pont Viaduc sur l'avenue Victor Hugo (Écully)
0%
Aucun quiz correspondant
Distribution des résultats
% des personnes avec chaque résultat
Percentile par nombre de réponses
Votre historique - résultats
Vous n’avez pas pris ce quiz